LEADER 01093nam a2200289 i 4500 001 991001222919707536 005 20020502185331.0 008 990507s1988 it ||| | ita 020 $a8822105818 035 $ab11481444-39ule_inst 035 $aPRUMB57057$9ExL 040 $aDip. SSSC$bita 082 0 $a374.4 100 1 $aVertecchi, Benedetto$0126901 245 10$aInsegnare a distanza /$cBenedetto Vertecchi ; contributi di Luigia Acciaroli ... [et al.] 260 $aScandicci :$bLa nuova Italia,$c1988 300 $aVII, 230 p. ;$c21 cm. 490 0 $aEducatori antichi e moderni ;$v427 650 4$aScuole per corrispondenza 700 1 $aAcciaroli, Luigia 907 $a.b11481444$b01-03-17$c01-07-02 912 $a991001222919707536 945 $aLE021 DI8D20$g1$i2021000034817$lle021$o-$pE0.00$q-$rn$sm $t0$u0$v0$w0$x0$y.i11672237$z01-07-02 945 $aLE021 DI4A65$g1$i2021000188275$lle021$o-$pE0.00$q-$rl$s- $t0$u0$v0$w0$x0$y.i15348556$z21-11-11 996 $aInsegnare a distanza$9193618 997 $aUNISALENTO 998 $ale021$b01-01-99$cm$da $e-$fita$git $h0$i1